|
|
|
|
| LEADER |
02741nam a22005535i 4500 |
| 001 |
978-3-642-12630-7 |
| 003 |
DE-He213 |
| 005 |
20161208040908.0 |
| 007 |
cr nn 008mamaa |
| 008 |
100506s2010 gw | s |||| 0|eng d |
| 020 |
|
|
|a 9783642126307
|9 978-3-642-12630-7
|
| 024 |
7 |
|
|a 10.1007/978-3-642-12630-7
|2 doi
|
| 040 |
|
|
|d GrThAP
|
| 050 |
|
4 |
|a QA76.9.D3
|
| 072 |
|
7 |
|a UN
|2 bicssc
|
| 072 |
|
7 |
|a UMT
|2 bicssc
|
| 072 |
|
7 |
|a COM021000
|2 bisacsh
|
| 082 |
0 |
4 |
|a 005.74
|2 23
|
| 245 |
1 |
0 |
|a User Centric Media
|h [electronic resource] :
|b First International Conference, UCMedia 2009, Venice, Italy, December 9-11, 2009, Revised Selected Papers /
|c edited by Petros Daras, Oscar Mayora Ibarra.
|
| 264 |
|
1 |
|a Berlin, Heidelberg :
|b Springer Berlin Heidelberg :
|b Imprint: Springer,
|c 2010.
|
| 300 |
|
|
|a XV, 372 p. 122 illus.
|b online resource.
|
| 336 |
|
|
|a text
|b txt
|2 rdacontent
|
| 337 |
|
|
|a computer
|b c
|2 rdamedia
|
| 338 |
|
|
|a online resource
|b cr
|2 rdacarrier
|
| 347 |
|
|
|a text file
|b PDF
|2 rda
|
| 490 |
1 |
|
|a Lecture Notes of the Institute for Computer Sciences, Social Informatics and Telecommunications Engineering,
|x 1867-8211 ;
|v 40
|
| 520 |
|
|
|a This book constitutes the thoroughly refereed post-conference proceedings of the First International Conference, UCMedia 2009, which was held on 9-11 December 2009 at Hotel Novotel Venezia Mestre Castellana in Venice, Italy. The conference`s focus was on forms and production, delivery, access, discovery and consumption of user centric media. After a thorough review process of the papers received, 23 were accepted from open call for the main conference and 20 papers for the workshops.
|
| 650 |
|
0 |
|a Computer science.
|
| 650 |
|
0 |
|a Database management.
|
| 650 |
|
0 |
|a Data mining.
|
| 650 |
|
0 |
|a Information storage and retrieval.
|
| 650 |
|
0 |
|a Multimedia information systems.
|
| 650 |
|
0 |
|a User interfaces (Computer systems).
|
| 650 |
1 |
4 |
|a Computer Science.
|
| 650 |
2 |
4 |
|a Database Management.
|
| 650 |
2 |
4 |
|a Information Systems Applications (incl. Internet).
|
| 650 |
2 |
4 |
|a Information Storage and Retrieval.
|
| 650 |
2 |
4 |
|a Data Mining and Knowledge Discovery.
|
| 650 |
2 |
4 |
|a User Interfaces and Human Computer Interaction.
|
| 650 |
2 |
4 |
|a Multimedia Information Systems.
|
| 700 |
1 |
|
|a Daras, Petros.
|e editor.
|
| 700 |
1 |
|
|a Ibarra, Oscar Mayora.
|e editor.
|
| 710 |
2 |
|
|a SpringerLink (Online service)
|
| 773 |
0 |
|
|t Springer eBooks
|
| 776 |
0 |
8 |
|i Printed edition:
|z 9783642126291
|
| 830 |
|
0 |
|a Lecture Notes of the Institute for Computer Sciences, Social Informatics and Telecommunications Engineering,
|x 1867-8211 ;
|v 40
|
| 856 |
4 |
0 |
|u http://dx.doi.org/10.1007/978-3-642-12630-7
|z Full Text via HEAL-Link
|
| 912 |
|
|
|a ZDB-2-SCS
|
| 950 |
|
|
|a Computer Science (Springer-11645)
|